Mort Subite - Quels joueurs sont des icônes dans FC26 - Statistiques

Statistiques générales
  • Ce quiz a été pris 242 fois
  • Le résultat moyen est 10 sur 17
Answers on the Grid
Answers color-coded by a green-red scale on the quiz's grid according to % correct below.
Xavi
Franck Ribéry
Toni Kroos
Paolo Maldini
Andres Iniesta
Sidney Govou
Diego Maradona
Overmars
Jay-Jay Okocha
Emmanuel Petit
Ronaldo
Blaise Matuidi
Di Natale
Didier Drogba
Yaya Touré
Michael Laudrup
Bobby Charlton
Roberto Carlos
Didier Deschamps
Zlatan Ibrahimovic
Shinji Kagawa
Hidetoshi Nakata
Gary Lineker
Michel Platini
Clarence Seedorf
Frank Rijkaard
Arjen Robben
Xabi Alonso
Bixente Lizarazu
Gerd Muller
 
Statistiques - réponses
Réponse % Correct
Xavi
88%
Paolo Maldini
84%
Franck Ribéry
75%
Diego Maradona
74%
Andres Iniesta
71%
Toni Kroos
71%
Ronaldo
67%
Didier Drogba
56%
Emmanuel Petit
55%
Zlatan Ibrahimovic
54%
Roberto Carlos
51%
Bobby Charlton
49%
Gerd Muller
38%
Xabi Alonso
38%
Michael Laudrup
36%
Gary Lineker
33%
Frank Rijkaard
30%
Aucun quiz correspondant
Distribution des résultats
% des personnes avec chaque résultat
Percentile par nombre de réponses
Votre historique - résultats
Vous n’avez pas pris ce quiz